| 000 | 00505cam a2200193ua 4500 | ||
|---|---|---|---|
| 001 | 22788 | ||
| 008 | 180321n2006 II |||gr||||Z||||||eng | ||
| 040 | _aMAIN | ||
| 041 | _aEnglish | ||
| 082 | _a660.60 SRI | ||
| 100 |
_aSRIRAM, SRIDHAR, _eAUTHOR. |
||
| 245 | 1 | _aGENETICS AND MICROBIAL BIOTECHNOLOGY | |
| 250 | _a1ST. | ||
| 260 |
_aNEW DELHI _bDOMINENT PUBLISHER AND DISTRIBUTORS _c2006 |
||
| 300 |
_a280.: _c22CM+ _ePB. |
||
| 500 | _aRUSA MDC GRANT 2014-2017 | ||
| 653 | _aBIOTECHNOLOGY | ||
| 942 | _cBK | ||
| 999 |
_c22648 _d22648 |
||